00964nam a2200205 a 4500008004100000020001800041041000800059092001600067100003000083245005500113250001200168260003700180300002200217500009100239505019400330655002100524942001300545999001500558952018500573180918s2013 ag ||||g||||| 00| 1|spa d a9789870429166 aspa c808l8sBON1 aBonelli, Florencia.94293 aNacida bajo el signo del Toro /cFlorencia Bonelli a1a ed.  aBuenos Aires:bAlfaguara;c2013. a424 p.c14x22 cm. aBonelli, F. (2013). Nacida bajo el signo del Toro. (1a ed.). Buenos Aires : Alfaguara. aNacidas tu signo, tu destino, tu amor. ¿Cómo rompes el hechizo de sus ojos? ¿Cómo aquietas tus latidos al sonido de su voz? ¿Cómo le enseñas a tu corazón que amar es peligroso? aLiteratura92917 2ddccLIT c3237d3237 00102ddc4070aBFMbBFMcCRd2024-12-12eDonación Diciembre 2024. Sede Tordos.l0o808 8 BONp4979r2024-12-13tEj.1w2024-12-13yLITzDonación Diciembre 2024. Sede Tordos.f